000 00570nam a2200229Ia 4500
003 OSt
005 20220924143012.0
006 a|||||r|||| 00| 0
007 ta
008 220923b |||||||| |||| 00| 0 san d
024 _a304347
037 _cTextual
040 _aARTS
_cARTS
_bsan
041 _2san
_asan
082 _aO1591,2:g, K6
100 _aMohanty J.
_991809
245 0 _aOriya natak o upanyasa
260 _c1966
650 _aORIYA LITERATURE
_927692
942 _hO1591,2:g, K6
_cTEXL
_2CC
999 _c452868
_d452868